00514 2200193 4500001002100000008004100021035002000062245006800082100001500150250001000165260003400175300002100209020002200230084001600252082001000268650001800278990001200296990001200308INLIS000000000015151 ind  a0010-1222000230 aNasty Glacie Edisi RevisicHoney Dee;Penyunting; Fitri Febriani aHONEY, Dee acet.1 aDepok :bRainbow Books,c2019 a430 hlm.c20 cm. a978-623-90332-5-5 a808.3 HON n a808.3 aSASTRA, NOVEL a10107 a a10107 b